000 00561nam a2200181Ia 4500
999 _c21674
_d21674
003 OSt
005 20200701125015.0
008 190216s9999||||xx |||||||||||||| ||und||
020 _a9781615300297
040 _coclc
082 _a901
_bKUI//B
100 _aKuiper, Kathleen
_92799
245 4 _aThe Britannica Guide To Theories And Ideas That Changed The Modern World /
_cKathleen Kuiper
260 _bRosen Educational Services,
_c2010.
_aNew York:
300 _a383p
650 _aHistory
942 _cBK
_2ddc
_h901
_iKUI/B
_k901
_mKUI/B